Inventos de la liebre de marzo : poemas 1909-1917 /
Shranjeno v:
| Glavni avtor: | |
|---|---|
| Drugi avtorji: | |
| Format: | Elektronski eKnjiga |
| Jezik: | španščina angleščina |
| Izdano: |
Madrid :
Visor Libros,
[2001]
|
| Serija: | Colección Visor de poesía ;
v. 467. |
| Teme: | |
| Online dostop: | Digitalia Hispánica |
| Oznake: |
Označite
Brez oznak, prvi označite!
|
MARC
| LEADER | 00000nam a2200000Ii 4500 | ||
|---|---|---|---|
| 001 | DIGVISR0602 | ||
| 003 | NyNyDIG | ||
| 006 | m o d | ||
| 007 | cr ||||||||||| | ||
| 008 | 210716s2001 sp o 000 p spa d | ||
| 035 | |a (OCoLC)1282639629 | ||
| 040 | |a DGITA |b eng |e rda |e pn |c DGITA | ||
| 020 | |z 9788475229829 | ||
| 041 | 1 | |a spa |a eng |h eng | |
| 050 | 1 | 4 | |a PS3509.L43 ebook |
| 100 | 1 | |a Eliot, T. S. |q (Thomas Stearns), |d 1888-1965, |e author. | |
| 245 | 1 | 0 | |a Inventos de la liebre de marzo : |b poemas 1909-1917 / |c Thomas Stearns Eliot ; traducción, prólogo y notas de Dámaso López García. |
| 264 | 1 | |a Madrid : |b Visor Libros, |c [2001] | |
| 300 | |a 1 online resource. | ||
| 336 | |a text |2 rdacontent | ||
| 337 | |a computer |b c |2 rdamedia | ||
| 338 | |a online resource |b cr |2 rdacarrier | ||
| 347 | |a text file |2 rdaft | ||
| 347 | |b PDF | ||
| 490 | 1 | |a Volumen CDLXVII de la Colección Visor de poesía | |
| 546 | |a Text in Spanish and English. | ||
| 588 | 0 | |a Online resource; title from PDF title page (Digitalia, viewed July 16, 2021) | |
| 655 | 7 | |a Poetry. |2 lcgft | |
| 655 | 0 | |a Electronic books. | |
| 700 | 1 | |a López García, Dámaso, |e translator, |e contributor agent of text. | |
| 700 | 1 | 2 | |i Container of (work): |a Eliot, T. S. |q (Thomas Stearns), |d 1888-1965. |t Poems. |k Selections (López García) |
| 700 | 1 | 2 | |i Container of (expression): |a Eliot, T. S. |q (Thomas Stearns), |d 1888-1965. |t Poems. |k Selections (López García). |l Spanish. |
| 791 | 2 | |a Digitalia (Firm), |e distributor. | |
| 793 | 0 | |g Digitalia eBook Collection: |a Visor Libros. | |
| 776 | 0 | 8 | |i Print version: |a Eliot, T. S. (Thomas Stearns), 1888-1965. |t Inventos de la liebre de marzo. |d Madrid : Visor Libros, [2001] |z 9788475229829 |
| 830 | 0 | |a Colección Visor de poesía ; |v v. 467. | |
| 856 | 4 | 0 | |3 Digitalia Hispánica |u https://digitalia.unach.elogim.com/a/76820/ |
| 910 | |a Premium Collection: 2021 | ||